Els Pergamins de l'Arxiu Comtal de Barcelona, de Ramon Berenguer II a Ramon Berenguer IV / estudi i edició a cura de: Ignasi J. Baiges, Gaspar Feliu i Josep M. Salrach (dirs.) ; Pere Benito ... [et al.] Ignasi J. Baiges, Gaspar Feliu i Josep M. Salrach (dirs.) ; Pere Benito ... [et al.]
ISBN:
978-84-9779-958-4
Descripción Física:
4 vol. (2057 p.) ; 24 cm
Colección:
Diplomataris ; 48-51
MARC
| LEADER | 00000nam a2200000Ia 4500 | ||
|---|---|---|---|
| 001 | 23012, 23013, 23014, 23015 | ||
| 008 | 160829s2010 xx 000 0 cat d | ||
| 020 | |a 978-84-9779-958-4 (o.c.), 978-84-9779-959-1 (v.1), 978-84-9779-960-7 (v.2), 978-84-9779-961-4 (v.3), 978-84-9779-962-1 (v.4) | ||
| 080 | |a A-2-403, A-2-404, A-2-405, A-2-406 | ||
| 245 | |a Els Pergamins de l'Arxiu Comtal de Barcelona, de Ramon Berenguer II a Ramon Berenguer IV / estudi i edició a cura de: |b Ignasi J. Baiges, Gaspar Feliu i Josep M. Salrach (dirs.) ; Pere Benito ... [et al.] | ||
| 260 | |a Barcelona : |b Fundació Noguera, |c 2010 | ||
| 300 | |a 4 vol. (2057 p.) ; |c 24 cm | ||
| 490 | |a Diplomataris ; 48-51 | ||
| 590 | |a Bibliografia. | ||
| 590 | |a Textos en llatí, introducció i regest dels documents en català | ||
| 650 | |a Catalunya |x Història |x 1076-1082, Ramon Berenguer II |x Fonts |9 39890 | ||
| 650 | |a Catalunya |x Història |x 1093-1131, Ramon Berenguer III |x Fonts |9 39891 | ||
| 650 | |a Catalunya |x Història |x 1131-1162, Ramon Berenguer IV |x Fonts I |9 39892 | ||
| 650 | |a Arxiu de la Corona d'Aragó | ||
| 650 | |a Manuscrits llatins medievals i moderns |x Catalunya |9 39893 | ||
| 700 | 1 | |a Baiges i Jardí, Ignasi J. |e director editorial |9 33169 | |
| 700 | 1 | |a Feliu i Montfort, Gaspar |e director editorial |9 24473 | |
| 700 | |a Salrach, Josep M., dir. I |9 39896 |e director editorial | ||
| 700 | 1 | |a Benito i Monclús, Pere |e editor literari |9 39897 | |
| 700 | |a Fundació Noguera |9 70407 | ||
| 901 | |a Arxiu | ||
| 942 | |n 1 |2 udc | ||
| 952 | |0 0 |1 0 |4 0 |6 A2403_A2404_A2405_A2406 |7 1 |9 49295 |a Arxiu |b Arxiu |d 2016-12-01 |l 0 |o A-2-403, A-2-404, A-2-405, A-2-406 |p 23012, 23013, 23014, |r 2016-12-01 00:00:00 |w 2016-12-01 |y ARXIU | ||
| 999 | |c 53137 |d 53137 | ||